00501nam a22001577a 4500082001600000100002000016100002400036100004200060245005400102260002700156300000800183700003600191700003800227700003900265700003900304 aR/5BS(CS)16 aDaniyal Manzoor aRoll No. 16BS(CS)28 aSupervisor - Dr. Fareed Ahmed Jokhio  aFace Detection and Recognition by using RESNET50. aNawabshahbQUESTc2019 a35p aSana Riaz (Roll No. 16BS(CS)62) aTahreem Ali (Roll No. 16BS(CS)64) aQasim Rao (Roll No. 16-15BS(CS)15) aSajjad Brohi (Roll No. 16BS(CS)73)